000 01113 a2200217 4500
003 Nust
005 20221115171736.0
010 _a 2003273929
020 _a0766862682 (pbk.)
035 _a(OCoLC)ocm52975844
040 _cNust
082 _a621.36,CAR
100 1 _aCardinale, Gary.
_9102652
245 1 0 _aOptoelectronics :
_bintroductory, theory and experiments /
_cGary Cardinale.
246 1 4 _aOptoelectronics :
_bintroductory theory and experiments
260 _aClifton Park, N.Y. :
_bThomson/Delmar Learning,
_cc2004.
300 _axvi, 96 p. :
_bill ;
_c30 cm.
505 _aTransformers (Page-1), The Sine wave (Page-27), An Introduction To Green LEDs (Page-37), An Introduction To Photoresistors (Page-41), An Introduction To BJT Transistors (Page-45), An Introduction To Red LEDs (Page-53), An Introduction To Infrared LEDs (Page-57), An Introduction To Phototransistors (Page-61), An Introduction To Photovoltaic Cells (Page-67), An Introduction To NAND Logic (Page-73), An Introduction To The 555 Timer (Page-79), Refraction (Page-85).
650 0 _aOptoelectronics
_955912
942 _2ddc
_cBK
999 _c176982
_d176982